=LDR 00000nam 2200000 4500 =001 INLIS000000000040007 =005 20130612145610 =008 ***********************************Ind** =035 ##$$0010-061300000040007 =041 ##$$a Ind =082 ##$$a 813 =090 ##$$a 813, Ken s.3 =100 ##$$a Kendrick,Sharon =245 ##$$a The Paternity Claim, Sang Ayah Impian =260 ##$$a 2010 $b Jakarta =300 ##$$a 248 hlm, 18 cm =700 ##$$a Wyndiana Panjaitan =850 ##$$a NBPNMAT